| 000 | 00464nam a2200193Ia 4500 | ||
|---|---|---|---|
| 005 | 20251020182543.0 | ||
| 008 | 200515s9999 xx 000 0 und d | ||
| 082 | _a744.72/L27 | ||
| 100 | _aLaseau, Paúl | ||
| 245 | 0 | _aLa expresión gráfica para arquitectos y diseñadores | |
| 260 | _aMéxico, D.F. | ||
| 260 | _c1982 | ||
| 300 | _a211 | ||
| 500 | _a1 ejemplar | ||
| 650 | _aARQUITECTURA | ||
| 650 | _aEXPRESION GRAFICA | ||
| 650 | _aLIB | ||
| 942 | _cLIB | ||
| 999 |
_c2455 _d2455 |
||